10 Closest Capitals to Canberra Quiz Stats

 Plays Quiz Updated Aug 16, 2018

Challenge
Share
Tweet
Embed
Score 0/10 Timer 02:00
2 Plays Today
Capital % Correct
Wellington, New Zealand
98.9%
Port Moresby, Papua New Guinea
63.9%
Suva, Fiji
57.6%
Apia, Samoa
50.2%
Dili, Timor-Leste
45%
Funafuti, Tuvalu
39.4%
Honiara, Solomon Islands
38%
Nukualofa, Tonga
35.9%
Port Vila, Vanuatu
35.7%
Yaren, Nauru
31%

You're not logged in!

Compare scores with friends on all Sporcle quizzes.
OR
Log In

You Might Also Like...

Show Comments

Extras

Top Quizzes Today


Score Distribution

Your Account Isn't Verified!

In order to create a playlist on Sporcle, you need to verify the email address you used during registration. Go to your Sporcle Settings to finish the process.

Report this User

Report this user for behavior that violates our Community Guidelines.

Details: